00210nam a2200085Ia 4500008004100000082001700041245004400058250001100102300001100113230907s9999||||xx |||||||||||||| ||und|| a174.962bENG 0aEngineering ethics : Concepts and cases a6th ed a291 p.